| 000 | 00561 a2200181 4500 | ||
|---|---|---|---|
| 003 | OSt | ||
| 005 | 20240201100347.0 | ||
| 008 | 240201b |||||||| |||| 00| 0 eng d | ||
| 020 | _a9788182718456 | ||
| 040 | _coclc | ||
| 082 |
_a954.75 _bAYY/G |
||
| 100 |
_aAyyub, Rana _910346 |
||
| 245 |
_aGujarat File: Moodivekkappetta Sathyangal= Gujarat Files: Anatomy of A Cover Up / _cAyyub, Rana |
||
| 250 | _a1st ed. | ||
| 260 |
_aKozhikode: _bPratheeksha Books, _c2017. |
||
| 300 | _a208p. | ||
| 942 |
_2ddc _cBK _h954.75 _iAYY/G _k954.75 _mAYY/G |
||
| 999 |
_c43390 _d43390 |
||